000 01333nam a2200301 i 4500
003 EG-GICUC
005 20260127175819.0
008 260127n1953 ua ||||fr|||| 001 0 ara d
040 _a EG-GICUC
_bara
_c EG-GICUC
_d EG-GICUC
_erda
041 _aara
082 0 4 _a343.442
_bم ص . ت
_221
092 0 4 _221
099 _aLaw1 10 343.442 م ص . ت 1953 1006374
100 0 _aمصطفى كامل منيب.
_eمؤلف.
245 1 2 _aالتشريعات العسكرية وقوانين التموين.
_nالجزء الأولى،
_pقوانين الحكام العرفية والأوامر العسكرية والقوانين التي تحال جرائمها إلى المحاكم العسكرية /
_cمصطفى كامل منيب.
264 1 _aالقاهرة :
_bدار الفكر العربي،
_c1953.
300 _a216 صفحة ؛
_c24 سم.
_bإيضاحيات، صور، مثيليات ؛
336 _2rda content
_atext
337 _2rda media
_aComputer
338 _2rda carrier
_aOnline Resource
504 _aيشتمل على ارجاعات ببليوجرافية.
546 _aالنص باللغة العربية
650 1 _aقانون العقوبات العسكري.
_2qrmak
651 1 _2qrmak
856 4 0 _uhttps://fll.law.cu.edu.eg/fulltext/bks/B10-06374.pdf
905 _a18
942 _2ddc
_n0
_cBK
_e21
999 _c59751
_d59751